000 00684nam a2200241Ia 4500
003 OSt
005 20220925223021.0
006 a|||||r|||| 00| 0
007 ta
008 220923b |||||||| |||| 00| 0 eng d
020 _a041506872X
037 _cGeneral Book
040 _aRTL
_cRTL
_beng
041 _2eng
_aeng
082 _aXb4, N2
100 _aHimmelstrand Ulf Ed.
_9247618
245 0 _aInterfaces in economic and social analysis
260 _aLondon
_bRoutledge
_c1992
300 _axviii; 318p
_ccm.
500 _aBibliography chapterwise; Appendix p306-311
942 _hXb4, N2
_cGB
_2CC
999 _c578383
_d578383